El regalo de sí mismo : educarnos para educar.

Kaydedildi:
Detaylı Bibliyografya
Yazar: Urbieta Jócano, José Ramón (autor)
Materyal Türü: Kitap
Dil:İspanyolca
Edisyon:2a ed.
Seri Bilgileri:(Educadores XXI)
Konular:
Etiketler: Etiketle
Etiket eklenmemiş, İlk siz ekleyin!

MARC

LEADER 00000nam^a2200000^u^4500
001 000497520
005 20250521000000.0
008 070410s1000^^^^^^^^^^^^r^^^^^000^0^spa^d
009 20260310125635.62
022 |a 842771503X 
035 |a FCE 000041284 
037 |a Acervo ITESO - Biblioteca 
041 |a spa 
082 0 4 |a 370.11  |b URBr 
100 |a Urbieta Jócano, José Ramón  |e (autor) 
245 1 0 |a El regalo de sí mismo :  |b educarnos para educar. 
250 |a 2a ed. 
264 |a Madrid :  |b Narcea,  |c 2006. 
300 |a 166 p. 
336 |a texto  |b txt  |2 rdacontenido 
337 |a sin mediación  |b n  |2 rdamedio 
338 |a volumen  |b nc  |2 rdasoporte 
440 1 |a (Educadores XXI) 
649 |a XX 
650 |a Relación familia-educación 
650 |a Desarrollo humano 
910 |a Fondo Centro de Estudios Educativos 
920 |a Impresos - Libros 
930 |a Fondos Especiales 
905 |a 133 
901 |a ALE048272  |b IT2  |c CEE  |u 20250521 
902 |a https://opac.biblio.iteso.mx/vufind/Record/000497520